| 000 | 00400nam a2200121Ia 4500 | ||
|---|---|---|---|
| 008 | 170221s9999 xx 000 0 und d | ||
| 245 | 4 | _aThe Effect of “ El Buen Fin ” in Mexican Hotel Occupancy | |
| 260 | _bInternational Journal of Management and Marketing Reseach | ||
| 260 | _cMay 2012 | ||
| 300 | _a1:1 | ||
| 650 | _xMarketing. | ||
| 856 | _uhttp://www.theibfr.com/ARCHIVE/IJMMR-V9N2-2016.pdf | ||
| 999 |
_c310422 _d310422 |
||